Statistics for Members of the Band - Classic Rock

Click here to take the quiz!

General Stats

  • This quiz has been taken 78 times
  • The average score is 20 of 33

Answer Stats

GroupHintAnswer% Correct
The BeatlesBassPaul McCartney
98%
The BeatlesDrumsRingo Starr
98%
The BeatlesGuitarJohn Lennon
97%
The Rolling StonesSingerMick Jagger
95%
The BeatlesGuitarGeorge Harrison
92%
Led ZeppelinSingerRobert Plant
88%
Led ZeppelinGuitarJimmy Page
86%
The Rolling StonesGuitarKeith Richards
85%
The DoorsSingerJim Morrison
80%
AerosmithSingerSteven Tyler
78%
Led ZeppelinDrumsJohn Bonham
75%
Led ZeppelinBassJohn Paul Jones
75%
The WhoGuitarPete Townshend
75%
The Rolling StonesGuitarBrian Jones
74%
AC/DCGuitarAngus Young
72%
The WhoDrumsKeith Moon
71%
The WhoSingerRoger Daltrey
69%
AC/DCGuitarMalcolm Young
68%
AC/DCSinger (1974-1980)Bon Scott
65%
AC/DCSinger (1980-2016)Brian Johnson
65%
AerosmithGuitarJoe Perry
65%
The Rolling StonesDrumsCharlie Watts
62%
The WhoBassJohn Entwistle
52%
The Rolling StonesBassBill Wyman
37%
The DoorsKeyboardsRay Manzarek
29%
The DoorsGuitarRobby Krieger
28%
AerosmithGuitarBrad Whitford
25%
The DoorsDrumsJohn Densmore
25%
AC/DCDrumsPhil Rudd
25%
AerosmithDrumsJoe Kramer
17%
AerosmithBassTom Hamilton
17%
AC/DCBassCliff Williams
11%
The Rolling StonesPiano / KeyboardsIan Stewart
11%

Score Distribution

Percentile by Number Answered

Percent of People with Each Score

Your Score History

You have not taken this quiz